000 00694nam a2200229Ia 4500
003 OSt
005 20220923220319.0
006 a|||||r|||| 00| 0
007 ta
008 220922b |||||||| |||| 00| 0 hin d
024 _a185,923
037 _cTextual
040 _aARTS
_cARTS
_bhin
041 _2hin
_ahin
082 _aY173P15:1.D, 152K91
100 _aकृष्णकुमार
245 0 _aभारतीय संस्कृति के आधार तत्व
246 _aBhāratīya sanskṛuti ke ādhār tatva
260 _c1969
942 _hY173P15:1.D, 152K91
_cTEXL
_2CC
999 _c339168
_d339168